00530nam a2200169Ia 4500003000900000008004100009040001600050080001900066100001700085245011600102260001900218300001000237500002600247650004100273650002400314650002200338IN-BaIIA211028s9999 xx 000 0 eng d cIIA Library a524.3-852bALL aAller, L. H. 0aAstrophysicsbthe atmospheres of the sun and starscL. H. Aller  aNew Yorkc1953 a455p. aDonated by Mrs. Bappu aAstronomy and Astrophysics Thesaurus aStellar Atmospheres aStellar Structure